Countries Culturally Closest to Germany - Statistics

General Stats
  • This quiz has been taken 57 times
  • The average score is 12 of 15
Answer Stats
Hint Answer % Correct
Speaks same language Austria
100%
Multilingual Switzerland
98%
Also Belgium
91%
Not Sweden Norway
91%
Building bricks Denmark
89%
Wine France
89%
Used to Luxembourg
89%
Sea Netherlands
89%
Beer Czechia
85%
Furniture store Sweden
85%
Also Poland
83%
Cousins UK
83%
Mediterranean Slovenia
60%
Far out Iceland
38%
Tiny Lichtenstein
25%
No matching quizzes found
Score Distribution
Percent of People with Each Score
Percentile by Number Answered
Your Score History
You have not taken this quiz